1577 1950 1142 1697 1526 1752 1853 1181 1662 1675 1355 1788 1206 1637 1230 1803 1885 1384 1175 1659 1743 1674 1959 1514 1839 1967 1646 1648 1744 1493 1340 1781 1048 1251 1246 1926 1321 1585 1454 1901 1288 1487 1621 1786 1419 1339 1576 1985 1285 1849 1147 1521 1373 1748 1205 1120 1515 1427 1742 1500 1492 1922 1959 1693 1142 1777 1316 1757 1403 1517 1153 1101 1244 1804 1741 1147 1142 1301 1975 1346 1536 1406 1420 1541 1668 1432 1695 1489 1062 1926 1597 1036 1142 1842 1331 1234 1311 1719 1803 BCNSPRNW ULIB Ver.6.0+V

เปลี่ยนเป็นภาษาไทย

Change to English
 แสดงรายละเอียดบรรณานุกรม
  กลับหน้าหลัก

Brief Record : Get Marc (ISO 2709) : E-mail record : QR code < ปิดหน้าต่าง
LEADER : 00000nam 2200000uu 4500
001    13399127084
003     ULIB
008    020711s2561 th a 000 0 tha d
020    ^a9786162278860
060    ^aWS103^bม158ก
100    ^aมนฤดี ทองกลอย
245    ^aกุ๋งกิ๋งรักพ่อแม่ ชุดส่งเสริมทักษะทางสังคม (Thai-English)
250    ^aพิมพ์ครั้งที่ 3
260    ^aกรุงเทพฯ :^bบริษัท แปลน ฟอร์ คิดส์ จำกัด,^c2561
300    ^a23 หน้า;^b21 ซม.
650    ^aเด็ก^xการเรียนการสอน
945    ^p125^l0^i006272
999    ^aประนอม เกษจรัล
รายการนี้ยังไม่มีแท็ก
คุณยังไม่ได้ล็อกอิน คุณสามารถมีกิจกรรมร่วมกับเว็บไซต์ได้ แต่ต้องล็อกอินก่อน ::
  ล็อกอิน

รายการสื่อสารสนเทศ

ลำดับที่ ประเภท เลขเรียก/บาร์โค้ด สถานที่ สถานะ
1. วิทยาศาสตร์การแพทย์ และสุขภาพ
วิทยาศาสตร์การแพทย์ และสุขภาพ
WS103 ม158ก ฉ.1 
  Barcode: 006272
ห้องสมุดวิทยาเขตสวรรค์ประชารักษ์
►หนังสือทั่วไป
ถูกยืม กำหนดส่งวันที่ 24 เมษายน 2568
  จอง

รายการใกล้เคียง
    ผู้แต่ง [มนฤดี ทองกลอย]

BibComment


ยังไม่เคยถูกคอมเมนท์

คอมเมนท์ทรัพยากรรายการนี้
  คอมเมนท์: กุ๋งกิ๋งรักพ่อแม..


 Copyright 2026. Bcnsprnw @Library